Premier League Winners - Statistics

General Stats
  • This quiz has been taken 37 times
    7 since last reset
  • The average score is 100 of 126
Answer Stats
Season Winner % Correct
1930-1931 | 1932-1933 | 1933-1934 | +10 others Arsenal
100%
1954-1955 | 2004-2005 | 2005-2006 | +3 others Chelsea
100%
1900-1901 | 1905-1906 | 1921-1922 | +17 others Liverpool
100%
1936-1937 | 1967-1968 | 2011-2012 | +6 others Manchester City
100%
2018-2019 Manchester CIty
100%
1907-1908 | 1910-1911 | 1951-1952 | +17 others Manchester United
100%
1893-1894 | 1895-1896 | 1896-1897 | +4 others Aston Villa
80%
1890-1891 | 1914-1915 | 1927-1928 | +6 others Everton
80%
1968-1969 | 1973-1974 | 1991-1992 Leeds United
80%
2015-2016 Leicester City
80%
1904-1905 | 1906-1907 | 1908-1909 | 1926-1927 Newcastle United
80%
1977-1978 Nottingham Forest
80%
1891-1892 | 1892-1893 | 1894-1895 | +3 others Sunderland
80%
1950-1951 | 1960-1961 Tottenham Hotspur
80%
1911-1912 | 1913-1914 | 1994-1995 Blackburn Rovers
40%
1888-1889 | 1889-1890 Preston North End
40%
1920-1921 | 1959-1960 Burnley
20%
1971-1972 | 1974-1975 Derby County
20%
1961-1962 Ipswich Town
20%
1948-1949 | 1949-1950 Portsmouth
20%
1897-1898 Sheffield United
20%
1902-1903 | 1903-1904 | 1928-1929 | 1929-1930 Sheffield Wednesday
20%
1923-1924 | 1924-1925 | 1925-1926 Huddersfield Town
0%
1919-1920 West Bromwich Albion
0%
1953-1954 | 1957-1958 | 1958-1959 Wolverhampton Wanderers
0%
No matching quizzes found
Score Distribution
Percent of People with Each Score
Percentile by Number Answered
Your Score History
You have not taken this quiz since the last reset